architectural works 2 - Statistics

General Stats
  • This quiz has been taken 33 times
  • The average score is 12 of 16
Answer Stats
Picture Answer % Correct
Louvre Pyramid
100%
Taj Mahal
97%
Empire State Building
93%
Petra
90%
Sagrada Familia
90%
Burj Khalifa
83%
Angkor Wat
80%
Guggenheim Museum Bilbao
80%
Space Needle
77%
Palace of Versailles
73%
Lincoln Memorial
70%
St. Basil's Cathedral
70%
Duomo of Milan
60%
United Nations Headquarters
60%
Red Fort
30%
Great Mosque of Djenné
10%
No matching quizzes found
Score Distribution
Percent of People with Each Score
Percentile by Number Answered
Your Score History
You have not taken this quiz